| 000 | 00382nam a2200133Ia 4500 | ||
|---|---|---|---|
| 008 | 240624s9999 xx 000 0 und d | ||
| 041 | _aeng | ||
| 082 | _a332.6327 SEN | ||
| 100 | _aSEN JOYDEEP | ||
| 245 | _aMUTUAL FUNDS IN INDIA VEHICLE FOR FIXED | ||
| 260 |
_c2013 _aNew Delhi _bShroff Publishers & Distributors Pvt Ltd |
||
| 300 | _axvii, : 245 : p. : cm. ; 22 | ||
| 365 |
_cRS _b30 |
||
| 999 |
_c27089 _d27089 |
||